TOY HALL OF FAME Quiz Stats

Quiz not verified by Sporcle

Challenge
Share
Tweet
Embed
Score 0/17 Timer 03:00
0 Plays Today
TOY % Correct
Barbie
63.6%
Lego
50.3%
Hula Hoop
36.4%
Lincoln Logs
36.4%
Monopoly
35.7%
Etch A Sketch
20.3%
Frisbee
18.9%
Tinkertoy
18.2%
Play Doh
16.8%
TOY % Correct
Teddy Bear
16.1%
Erector Set
11.2%
Marbles
11.2%
Roller Skates
9.1%
Crayola Crayon
7%
Duncan Yo Yo
5.6%
Radio Flyer Wagon
3.5%
View Master
3.5%

You're not logged in!

Compare scores with friends on all Sporcle quizzes.
Sign Up with Email
OR
Log In

You Might Also Like...

Show Comments

Extras

Top Quizzes Today


Score Distribution

Your Account Isn't Verified!

In order to create a playlist on Sporcle, you need to verify the email address you used during registration. Go to your Sporcle Settings to finish the process.